Statistics for College Football Matchups: California

Click here to take the quiz!

General Stats

  • This quiz has been taken 8 times
  • The average score is 12 of 16

Answer Stats

# of GamesOpponentLast Meeting% Correct
86Oregon11/04/2023
100%
76Oregon State10/07/2023
100%
102Washington09/23/2023
100%
84Washington State11/11/2023
100%
36Arizona09/24/2022
86%
36Arizona State09/30/2023
86%
12Colorado10/15/2022
86%
127Stanford11/18/2023
86%
94UCLA11/25/2023
86%
112USC10/28/2023
86%
13Utah10/14/2023
86%
35Nevada09/04/2021
57%
35San Jose State09/07/1996
57%
9Air Force12/29/2015
43%
*8San Diego State09/10/2016
43%
11Illinois12/30/2019
14%

Score Distribution

Percentile by Number Answered

Percent of People with Each Score

Your Score History

You have not taken this quiz